000 00820nam a22002177a 4500
999 _c18139
_d18139
003 AR-CdUCM
008 190513b ||||| |||| 00| 0 spa d
040 _aMUNICIPALIDAD PROVINCIAL DEL CUSCO
_cBIBLIOTECA MUNICIPAL DEL CUSCO
082 _23ed.
_a330.9 /
_bS31
100 _aSchmidt, Walther
_938548
245 _aGeografía económica /
260 _aBarcelona :
_bTor,
_c1933.
300 _a372 páginas ;
_bIlustraciones,
_c19 cm.
440 _aColección labor ;
_n7
_938549
505 _aContenido: manantiales de energía y productos minerales industriales -- Productos alimenticios e industriales de los reinos vegetal y animal.
650 _aEconomía
_9382
650 _aGeografía económica
_93160
700 _aSánchez Sarto, Manuel (traductor)
_920583
942 _2ddc
_cLIBROS
945 _aacv
_d2019-05-13